00339nam a2200145Ia 4500008004100000020001400041041001200055082001600067100001600083245002700099260003100126300000800157650001500165700001300180221030s9999 xx 000 0 und d a761998306 aEnglish a105.23bKen aK. Keniston 0aIT Experience in India bSage Pub.aNew Delhic2004 a194 aManagement aD. Kumar